| LEADER | 01238nam a2200361 a 4500 | ||
|---|---|---|---|
| 001 | 000374216 | ||
| 003 | CZ BrMZK | ||
| 005 | 20060207112032.0 | ||
| 007 | ta | ||
| 008 | 010907s1998 xr f eng d | ||
| 015 | |a cnb000604466 | ||
| 020 | |a 80-902572-4-0 | ||
| 035 | |a (OCoLC)40791128 | ||
| 040 | |a BOA001 |b cze | ||
| 041 | 1 | |a eng |a cze | |
| 080 | |a 811.111 |2 MRF | ||
| 080 | |a 373.5.016 |2 MRF | ||
| 080 | |a 371.279.5/.6 |2 MRF | ||
| 080 | |a (035) |2 MRF | ||
| 245 | 0 | 0 | |a Maturitní otázky z angličtiny : |b 30 podrobně vypracovaných konverzačních témat z anglického jazyka - verze bez českého překladu / |c [kolektiv autorů] |
| 250 | |a 3. upr. vyd. | ||
| 260 | |a Třebíč : |b J. Mrákota, |c 1998 | ||
| 300 | |a 159 s. ; |c 21 cm | ||
| 650 | 0 | 7 | |a angličtina |7 ph114056 |2 czenas |
| 650 | 0 | 7 | |a učivo středních škol |7 ph136702 |2 czenas |
| 650 | 0 | 7 | |a maturitní otázky |7 ph136699 |2 czenas |
| 653 | 0 | |a angličtina |a maturitní zkoušky | |
| 655 | 7 | |a příručky |7 fd133209 |2 czenas | |
| 910 | |a BOA001 |b 2-1052.378 | ||
| 964 | |a Zkoušky maturitní |x angličtina | ||
| 964 | |a Angličtina |x zkoušky maturitní | ||
| 990 | |a BK | ||
| 996 | 6 | |b 2610082257 |c 2-1052.378 |l MZK |r Sklad / do 1 hodiny |n 36 |p p.v. |w 000374216 |u 000010 |a 1 |e BOA001 |j MZK50 |s P | |
English
Čeština 